| 000 | 00669nam a2200229 a 4500 | ||
|---|---|---|---|
| 001 | BRCA_7677 | ||
| 005 | 20190320205936.0 | ||
| 008 | 160813s1957----fr-a######---#000-0#fre-# | ||
| 041 | _afre | ||
| 044 | _afr | ||
| 050 | 4 |
_aN2045 _b.M66 1957 |
|
| 100 | 1 |
_aMontremy, Francois de _918951 |
|
| 245 | 1 | 0 |
_aLes Thermes et l´Hotel de Cluny _cpar Francois de Montremy. |
| 260 |
_aParís _bDaupeley _c1957 |
||
| 300 |
_a103 p. _c22 cm. |
||
| 500 | _aU14 | ||
| 610 | 2 | 4 |
_aMusee des Thermes et l´Hotel de Cluny (París) _918952 |
| 650 | 1 | 4 |
_aArquitectura _xConservación y restauración _9139 |
| 650 | 1 | 4 |
_aGalerías y museos _zFrancia _97839 |
| 902 | _aGFM | ||
| 942 |
_2lcc _cB |
||
| 999 |
_c7351 _d7351 |
||